| 000 | 00427nam a2200169Ia 4500 | ||
|---|---|---|---|
| 003 | IN-BaIIA | ||
| 008 | 211028s9999 xx 000 0 eng d | ||
| 040 | _cIIA Library | ||
| 080 |
_a523 _bLOW |
||
| 100 | _aLowell, Percival | ||
| 245 | 4 |
_aThe solar system _cPercival Lowell |
|
| 260 |
_aBoston _bHoughton Mifflin _c1903 |
||
| 300 | _a134p. | ||
| 650 |
_aSolar planetary relations _91464 |
||
| 650 | _aSolar system | ||
| 942 | _cBK | ||
| 999 |
_c675 _d675 |
||